书目信息 |
| 题名: |
周易与人生
|
|
| 作者: | 杨庆中 著 | |
| 分册: | ||
| 出版信息: | 北京 中国人民大学出版社 2014 |
|
| 页数: | 265页 | |
| 开本: | 24cm | |
| 丛书名: | ||
| 单 册: | ||
| 中图分类: | B221.5 , B821 | |
| 科图分类: | ||
| 主题词: | ||
| 电子资源: | ||
| ISBN: | 978-7-300-12486-5 | |
| 000 | 00830nam0 2200253 450 | |
| 001 | 338585 | |
| 005 | 20150602085634.56 | |
| 010 | @a978-7-300-12486-5@dCNY29.00 | |
| 100 | @a20101011d2010 em y0chiy50 ea | |
| 101 | 0 | @achi |
| 102 | @aCN@b110000 | |
| 105 | @aa z 000yy | |
| 106 | @ar | |
| 200 | 1 | @a周易与人生@Azhou yi yu ren sheng@f杨庆中著 |
| 210 | @a北京@c中国人民大学出版社@d2014 | |
| 215 | @a265页@c图@d24cm | |
| 300 | @a妙趣横生的通识读本 大学讲堂 | |
| 330 | @a本书分内、外两编、二十个易学命题, 以通俗易懂的语言讨论了《周易》智慧及其对现实人生的指导意义, 在引用古代故事的同时, 还举了很多当代现实生活中的案例。 | |
| 605 | @a《周易》@x人生哲学@x研究 | |
| 690 | @aB221.5@v5 | |
| 690 | @aB821@v5 | |
| 701 | 0 | @a杨庆中@Ayang qing zhong@f(1964)@4著 |
| 801 | 0 | @aCN@b卓展宏图@c20150525 |
| 905 | @dB221.5@e481@f4 | |
| 周易与人生/杨庆中著.-北京:中国人民大学出版社,2014 |
| 265页:图;24cm |
| 妙趣横生的通识读本 大学讲堂 |
| ISBN 978-7-300-12486-5:CNY29.00 |
| 本书分内、外两编、二十个易学命题, 以通俗易懂的语言讨论了《周易》智慧及其对现实人生的指导意义, 在引用古代故事的同时, 还举了很多当代现实生活中的案例。 |
| ● |
| 相关链接 |
|
|
|
|
正题名:周易与人生
索取号:B221.5/481
 
预约/预借
| 序号 | 登录号 | 条形码 | 馆藏地/架位号 | 状态 | 备注 |
| 1 | 862770 | 208627707 | 第一样本阅览室/ [索取号:B221.5/481] | 在馆 | |
| 2 | 862771 | 208627716 | 第一借阅区/ [索取号:B221.5/481] | 在馆 | |
| 3 | 862772 | 208627725 | 第一借阅区/ [索取号:B221.5/481] | 在馆 | |
| 4 | 862773 | 208627734 | 第一借阅区/ [索取号:B221.5/481] | 在馆 |